| 000 | 01005nam a22003137a 4500 | ||
|---|---|---|---|
| 001 | 8020 | ||
| 003 | FISKH | ||
| 005 | 20250909120446.0 | ||
| 008 | 250819b cb ||||| |||| 00| 0 eng d | ||
| 020 | _a9780142402764 | ||
| 020 | _a051488006992 | ||
| 040 |
_aFISKH _beng _cFISKH _dFISKH |
||
| 050 | _aKF4550.Z9 C38 | ||
| 082 | _a342.7302 | ||
| 100 |
_aCatrow, David _d(1952-) |
||
| 245 |
_aWe the kids : _bThe preamble to the constitution of the United States / _cIllustrations and Foreword by David Catrow |
||
| 250 | _aThis edition first published in 2002 | ||
| 260 |
_aNew York : _bPuffin, _c2002 |
||
| 300 |
_a22 unnumbered pages : _bcolor illustrations ; _c28 cm |
||
| 505 | _aE | ||
| 520 | _aAn illustrated preamble to the Constitution of the United States. | ||
| 521 | 8 |
_a250
_bLexile |
|
| 521 | 8 |
_aE
_bRaz-Plus |
|
| 650 |
_2Preamble _aConstitution |
||
| 650 |
_2American history _aInformational |
||
| 700 |
_aCatrow, David _dillustrator |
||
| 942 |
_2ddc _cBK _n0 |
||
| 999 |
_c8020 _d8020 |
||